Qasaaid o masnaviyaat-e-faarsi (Persian) (Record no. 42769)
[ view plain ]
| 000 -LEADER | |
|---|---|
| fixed length control field | 00564nam a2200205Ia 4500 |
| 001 - CONTROL NUMBER | |
| control field | 44790 |
| 003 - CONTROL NUMBER IDENTIFIER | |
| control field | PK-LaUMT |
| 005 - DATE AND TIME OF LATEST TRANSACTION | |
| control field | 20260630124702.0 |
| 008 - FIXED-LENGTH DATA ELEMENTS--GENERAL INFORMATION | |
| fixed length control field | 140428s9999 xx 000 0 und d |
| 020 ## - INTERNATIONAL STANDARD BOOK NUMBER | |
| International Standard Book Number | NA |
| 040 ## - CATALOGING SOURCE | |
| Transcribing agency | PK-LaUMT |
| 082 ## - DEWEY DECIMAL CLASSIFICATION NUMBER | |
| Classification number | RHC 891.551 |
| Item number | ASA-Q |
| 100 1# - MAIN ENTRY--PERSONAL NAME | |
| Personal name | Ghalib, Mirza Asadullah Khan |
| 9 (RLIN) | 13264 |
| 245 ## - TITLE STATEMENT | |
| Title | Qasaaid o masnaviyaat-e-faarsi (Persian) |
| Statement of responsibility, etc | Asad Ullah Khan Ghalib |
| 260 ## - PUBLICATION, DISTRIBUTION, ETC. (IMPRINT) | |
| Place of publication, distribution, etc | Lahore,Pakistan: |
| Name of publisher, distributor, etc | Punjab University Press, |
| Date of publication, distribution, etc | 1969 |
| 300 ## - PHYSICAL DESCRIPTION | |
| Extent | var p. |
| 546 ## - LANGUAGE NOTE | |
| Language note | Persian |
| 650 ## - SUBJECT ADDED ENTRY--TOPICAL TERM | |
| Topical term or geographic name as entry element | Farsi literature |
| 9 (RLIN) | 13272 |
| 942 ## - ADDED ENTRY ELEMENTS (KOHA) | |
| Koha item type | Books |
| Source of classification or shelving scheme | Dewey Decimal Classification |
| Withdrawn status | Lost status | Damaged status | Not for loan | Home library | Current library | Date acquired | Total Checkouts | Full call number | Barcode | Date last seen | Price effective from | Koha item type |
|---|---|---|---|---|---|---|---|---|---|---|---|---|
| UMT Main Campus | UMT Main Campus | 2014-04-28 | RHC 891.551 ASA-Q | 48553 | 2014-05-06 | 2014-05-06 | Books |
